Normal view
MARC view
- Association of Taxation Technicians.
Entry Corporate Name
001 - CONTROL NUMBER
- control field: 233
003 - CONTROL NUMBER IDENTIFIER
- control field: OSt
005 - DATE AND TIME OF LATEST TRANSACTION
- control field: 20170417103044.0
008 - FIXED-LENGTH DATA ELEMENTS
- fixed length control field: 170417|| aca||aabn | a|a d
040 ## - CATALOGING SOURCE
- Original cataloging agency: OSt
- Transcribing agency: OSt
110 ## - HEADING--CORPORATE NAME
- Corporate name or jurisdiction name as entry element: Association of Taxation Technicians.
670 ## - SOURCE DATA FOUND
- Source citation: Work cat.: (OSt): Hardman's tax rates & tables. 2006-07, 2006-

PORTAL AKMAL
E-MEL JKDM
AKMAL2U
G-BAM
u-PUSTAKA